Obálka
Pro půjčování e-knih musíte být přihlášeni.
Jak si půjčit online?

Arila. Stříbrné město /

Fantasy román ze světa národa věčných uprchlíků.

Uloženo v:
Série:Arila, část 1
Hlavní autor: Starý, Radek, 1992- (Autor)
Médium: E-audiokniha
Jazyk:Czech
Vydáno: V Praze : CooBoo, 2021
Vydání:1. vydání
Témata:
Příbuzné jednotky:Z cyklu:: Arila
Tagy:
Žádné tagy
LEADER 03578cam a2200805 i 4500
001 313123
003 CZ PrSKC
005 20260601215735.0
007 ta
008 210604s2021 xr a g 000 f cze d
015 |a cnb003326346 
020 |a 9788076612037  |q (brožováno) :  |c Kč 349,00 
035 |a (OCoLC)1263273567 
040 |a CBA001  |b cze  |d ABG001  |d ABA001  |e rda 
072 7 |a 821.162.3-3  |x Česká próza  |2 Konspekt 
080 |a 821.162.3-31  |2 MRF 
080 |a (0:82-312.9)  |2 MRF 
100 1 |a Starý, Radek,  |d 1992-  |7 xx0261079  |4 aut 
245 1 0 |a Arila.  |p Stříbrné město /  |c Radek "Sterakdary" Starý 
246 3 0 |a Stříbrné město 
250 |a 1. vydání 
264 1 |a V Praze :  |b CooBoo,  |c 2021 
300 |a 381 stran :  |b ilustrace ;  |c 20 cm 
336 |a text  |b txt  |2 rdacontent 
337 |a bez média  |b n  |2 rdamedia 
338 |a svazek  |b nc  |2 rdacarrier 
520 2 |a Fantasy román ze světa národa věčných uprchlíků.  |b Národ Nurů už po staletí skáče z jednoho světa na druhý a hledá nový domov. Musí být neustále v pohybu, protože je pronásleduje šílená bohyně, která touží po jediném - zničit je. Arila se protlouká životem a postupně odhaluje tajemství minulosti, ale také pradávného řádu Hlídačů. A brzy bude vržena do vírů událostí, kdy bude muset zachránit své město, ale i čelit vlastním démonům. Dokáže v sobě nalézt dostatek síly, aby se mohla i ona stát opravdovým hrdinou? Nakladatelská anotace. 
546 |a Český text 
655 7 |a české romány  |7 fd133974  |2 czenas 
655 7 |a fantasy romány  |7 fd184199  |2 czenas 
655 9 |a Czech fiction  |2 eczenas 
655 9 |a fantasy novels  |2 eczenas 
787 0 8 |i Z cyklu:  |t Arila  |g 1 
900 |a ABA001  |b 20 
928 9 |a Albatros Media - CooBoo 
044 |a xr 
505 0 0 |t Prolog (14 min., 5 sek.) 
505 0 0 |t Kapitola 1 (27 min., 13 sek.) 
505 0 0 |t Kapitola 2 (37 min., 24 sek.) 
505 0 0 |t Kapitola 3 (34 min., 32 sek.) 
505 0 0 |t Kapitola 4 (37 min., 43 sek.) 
505 0 0 |t Kapitola 5 (38 min., 26 sek.) 
505 0 0 |t Kapitola 6 (38 min., 54 sek.) 
505 0 0 |t Kapitola 7 (22 min., 38 sek.) 
505 0 0 |t Kapitola 8 (36 min., 24 sek.) 
505 0 0 |t Kapitola 9 (20 min., 37 sek.) 
505 0 0 |t Kapitola 10 (22 min., 41 sek.) 
505 0 0 |t Kapitola 11 (21 min., 17 sek.) 
505 0 0 |t Kapitola 12 (39 min., 39 sek.) 
505 0 0 |t Kapitola 13 (21 min., 46 sek.) 
505 0 0 |t Kapitola 14 (50 min., 11 sek.) 
505 0 0 |t Kapitola 15 (20 min., 11 sek.) 
505 0 0 |t Kapitola 16 (31 min., 32 sek.) 
505 0 0 |t Kapitola 17 (18 min., 28 sek.) 
505 0 0 |t Kapitola 18 (27 min., 35 sek.) 
505 0 0 |t Kapitola 19 (26 min., 47 sek.) 
505 0 0 |t Kapitola 20 (12 min., 43 sek.) 
505 0 0 |t Kapitola 21 (28 min., 14 sek.) 
505 0 0 |t Kapitola 22 (25 min., 28 sek.) 
505 0 0 |t Kapitola 23 (24 min., 12 sek.) 
505 0 0 |t Kapitola 24 (25 min., 0 sek.) 
505 0 0 |t Kapitola 25 (27 min., 27 sek.) 
505 0 0 |t Kapitola 26 (18 min., 8 sek.) 
505 0 0 |t Kapitola 27 (21 min., 42 sek.) 
505 0 0 |t Kapitola 28 (35 min., 44 sek.) 
505 0 0 |t Epilog 1 (12 min., 14 sek.) 
505 0 0 |t Epilog 2 (5 min., 35 sek.) 
910 |a RBIT002 
998 |d 357801  |a https://core.palmknihy.cz/api/books/357801/cover?skpo0b  |b https://core.palmknihy.cz/api/books/357801/cover/400?skpo0b  |c https://core.palmknihy.cz/api/books/357801/cover/50?skpo0b  |e 2031-12-31  |i 9788076612037  |l 49500  |q 49  |r 1  |s https://www.palmknihy.cz/kniha/357801  |t audiobook  |y 2022  |z 0 
999 |d 313121